000 00362cam a22001217a 4500
008 180718b1938 xxu||||| |||| 00| 0 eng d
082 _aYA053 B358
100 _aBeadnell, C.M.
245 _aDictionalry of scientific terms as used in the various sciences
_cby C.M. Beadnell
260 _aLondon
_bWatts
_c1938
300 _a235p.
650 _aScience - Dictionaries
999 _c359274
_d359274